Stavebné výrobky: rozšírené požiadavky na dokumentáciu
Ustanovenia, ktorými sa harmonizujú podmienky uvádzania stavebných výrobkov na trh. Nariadenie CPR (Construction Products Regulation), je záväzné a priamo uplatniteľné vo všetkých členských štátoch EÚ. Nariadením Európskeho parlamentu a Rady (EÚ) č. 305/2011 sa zrušuje smernica Rady 89/106/EHS.
Saved in:
| Main Author: | |
|---|---|
| Format: | Book Chapter |
| Language: | Slovak |
| Subjects: | |
| Tags: |
No Tags, Be the first to tag this record!
|
MARC
| LEADER | 00000naa a2200000 4500 | ||
|---|---|---|---|
| 001 | 0182829 | ||
| 005 | 20231011123607.3 | ||
| 041 | 0 | |a slo | |
| 044 | |a SK | ||
| 245 | 1 | 0 | |a Stavebné výrobky: rozšírené požiadavky na dokumentáciu |c Martin Murín |
| 520 | |a Ustanovenia, ktorými sa harmonizujú podmienky uvádzania stavebných výrobkov na trh. Nariadenie CPR (Construction Products Regulation), je záväzné a priamo uplatniteľné vo všetkých členských štátoch EÚ. Nariadením Európskeho parlamentu a Rady (EÚ) č. 305/2011 sa zrušuje smernica Rady 89/106/EHS. | ||
| 610 | 2 | 0 | |a stavebníctvo |
| 610 | 2 | 0 | |a hmoty stavebné |
| 610 | 2 | 0 | |a výrobky stavebné |
| 610 | 2 | 0 | |a smernice |
| 610 | 2 | 0 | |a Európska únia |
| 100 | 1 | |a Murín, Martin | |